The red phoenix : Russia since World War II.

Saved in:
Bibliographic Details
Main Author: Schwartz, Harry
Format: Book
Language:English
Published: New York : Praeger, 1961.
Series:Praeger publications in Russian history and world communism ; no. 90
Subjects:
LEADER 00949nam a22002531i 4500
001 c000369523
003 CARM
005 00000000000000.0
008 851211s1961 nyu 00000 eng d
019 1 |a 23986114  |z 4175927  |z 55575294  |5 LACONCORD2021 
035 |a (OCoLC)406747  |5 LACONCORD2021 
043 |a e-ur--- 
050 0 0 |a DK267  |b .S335 1961 
100 1 |a Schwartz, Harry. 
245 1 4 |a The red phoenix :  |b Russia since World War II. 
260 |a New York :  |b Praeger,  |c 1961. 
300 |a 427p. 
490 0 |a Praeger publications in Russian history and world communism ;  |v no. 90 
500 |a Books that matter. 
651 0 |a Soviet Union  |x History  |y 1925-1953. 
651 0 |a Soviet Union  |x History  |y 1953-1985. 
852 8 |b CARM  |h A1:AO13G0  |i B08128  |p 0359515  |f BK 
999 f f |i 5d48771b-4593-54bc-9ccb-0daabeab1113  |s a73b6569-78b0-5b52-ae73-c26a6c652d0d 
952 f f |p Can circulate  |a CAVAL  |b CAVAL  |c CAVAL  |d CARM 1 Store  |e B08128  |f A1:AO13G0  |h Other scheme  |i book  |m 0359515